000 00423 a2200157 4500
999 _c8605
_d8605
020 _a9780198286356
050 _aHC800 DRE 2007
100 _aDreze, Jean
_eeditor
245 _aThe political economy of hunger/
264 _aNew York:
_bClarendon Press;
_c2007
300 _axx,492p.;
500 _aIncludes index
650 _aEntitlement and well-being
700 _aSen,Amartya
_eauthor
942 _2lcc
_cBK
_h800
_iDRE
_kHC